<?xml version="1.0" encoding="UTF-8"?>
<record
    xmlns:xsi="http://www.w3.org/2001/XMLSchema-instance"
    xsi:schemaLocation="http://www.loc.gov/MARC21/slim http://www.loc.gov/standards/marcxml/schema/MARC21slim.xsd"
    xmlns="http://www.loc.gov/MARC21/slim">

  <leader>01660nam a2200421 i 4500</leader>
  <controlfield tag="003">CO-BoRNBP</controlfield>
  <controlfield tag="005">20220317001737.0</controlfield>
  <controlfield tag="007">ta</controlfield>
  <controlfield tag="008">210830r19942016ck a   br     000 fdspa d</controlfield>
  <datafield tag="020" ind1=" " ind2=" ">
    <subfield code="a">9789580426974</subfield>
    <subfield code="q">(Libro)</subfield>
  </datafield>
  <datafield tag="020" ind1=" " ind2=" ">
    <subfield code="a">958042697X</subfield>
    <subfield code="q">(Libro)</subfield>
  </datafield>
  <datafield tag="020" ind1=" " ind2=" ">
    <subfield code="a">9789584540003</subfield>
    <subfield code="q">(Folleto)</subfield>
  </datafield>
  <datafield tag="040" ind1=" " ind2=" ">
    <subfield code="a">CO-BoRNBP</subfield>
    <subfield code="b">spa</subfield>
    <subfield code="e">rda</subfield>
    <subfield code="c">CO-BoRNBP</subfield>
  </datafield>
  <datafield tag="041" ind1="1" ind2=" ">
    <subfield code="a">spa</subfield>
    <subfield code="h">ger</subfield>
  </datafield>
  <datafield tag="043" ind1=" " ind2=" ">
    <subfield code="a">e-au---</subfield>
  </datafield>
  <datafield tag="084" ind1=" " ind2=" ">
    <subfield code="a">N NOS1</subfield>
  </datafield>
  <datafield tag="100" ind1="1" ind2=" ">
    <subfield code="a">N&#xF6;stlinger, Christina,</subfield>
    <subfield code="d">1936-2018</subfield>
    <subfield code="e">autora</subfield>
  </datafield>
  <datafield tag="245" ind1="1" ind2="0">
    <subfield code="a">Franz se mete en problemas de amor</subfield>
    <subfield code="c">Christine N&#xF6;stlinger ; traducci&#xF3;n de Juan Jos&#xE9; de Narv&#xE1;ez ; ilustraciones de Erhard Dietl</subfield>
  </datafield>
  <datafield tag="250" ind1=" " ind2=" ">
    <subfield code="a">Primera edici&#xF3;n</subfield>
    <subfield code="b">Impresi&#xF3;n</subfield>
  </datafield>
  <datafield tag="264" ind1=" " ind2="1">
    <subfield code="a">Bogot&#xE1;, Colombia</subfield>
    <subfield code="b">Ediciones Norma</subfield>
    <subfield code="b">Educactiva</subfield>
    <subfield code="c">1994</subfield>
    <subfield code="c">2015</subfield>
    <subfield code="c">2015</subfield>
    <subfield code="c">2016</subfield>
  </datafield>
  <datafield tag="300" ind1=" " ind2=" ">
    <subfield code="a">76 p&#xE1;ginas</subfield>
    <subfield code="b">ilustraciones </subfield>
    <subfield code="c">20 cm</subfield>
    <subfield code="e">1 folleto</subfield>
  </datafield>
  <datafield tag="336" ind1=" " ind2=" ">
    <subfield code="a">texto</subfield>
    <subfield code="b">txt</subfield>
    <subfield code="2">rdacontent</subfield>
  </datafield>
  <datafield tag="337" ind1=" " ind2=" ">
    <subfield code="a">sin mediaci&#xF3;n</subfield>
    <subfield code="b">n</subfield>
    <subfield code="2">rdamedia</subfield>
  </datafield>
  <datafield tag="338" ind1=" " ind2=" ">
    <subfield code="a">volumen</subfield>
    <subfield code="b">nc</subfield>
    <subfield code="2">rdacarrier</subfield>
  </datafield>
  <datafield tag="490" ind1="0" ind2=" ">
    <subfield code="a">Torre de papel. Roja</subfield>
  </datafield>
  <datafield tag="500" ind1=" " ind2=" ">
    <subfield code="a">El folleto acompa&#xF1;ante es un cuaderno de actividades</subfield>
  </datafield>
  <datafield tag="521" ind1=" " ind2=" ">
    <subfield code="a">Recomendado para un p&#xFA;blico infantil mayor de 6 a&#xF1;os</subfield>
  </datafield>
  <datafield tag="534" ind1=" " ind2=" ">
    <subfield code="t">Liebesgeschichten vom Franz</subfield>
  </datafield>
  <datafield tag="545" ind1=" " ind2=" ">
    <subfield code="a">Incluye datos biogr&#xE1;ficos de la autora en la contracar&#xE1;tula</subfield>
  </datafield>
  <datafield tag="586" ind1=" " ind2=" ">
    <subfield code="a">Autora galardonada con el Premio Hans Christian Andersen, 1984</subfield>
  </datafield>
  <datafield tag="650" ind1="1" ind2="7">
    <subfield code="a">Novela infantil austriaca</subfield>
    <subfield code="y">Siglo XX</subfield>
    <subfield code="2">LEMB</subfield>
  </datafield>
  <datafield tag="650" ind1="1" ind2="7">
    <subfield code="a">Literatura infantil austriaca</subfield>
    <subfield code="y">Siglo XX</subfield>
    <subfield code="2">LEMB</subfield>
  </datafield>
  <datafield tag="650" ind1="1" ind2="7">
    <subfield code="a">Autores austriacos</subfield>
    <subfield code="y">Siglo XX</subfield>
    <subfield code="2">LEMB</subfield>
  </datafield>
  <datafield tag="650" ind1="1" ind2="7">
    <subfield code="a">Amor</subfield>
    <subfield code="v">Novela </subfield>
    <subfield code="2">LEMB</subfield>
  </datafield>
  <datafield tag="700" ind1="1" ind2=" ">
    <subfield code="a">Dietl, Erhard,</subfield>
    <subfield code="d">1953- ,</subfield>
    <subfield code="e">ilustrador</subfield>
    <subfield code="9">9717</subfield>
  </datafield>
  <datafield tag="700" ind1="1" ind2=" ">
    <subfield code="a">Narv&#xE1;ez, Juan Jos&#xE9; de,</subfield>
    <subfield code="e">traductor</subfield>
    <subfield code="9">200704</subfield>
  </datafield>
  <datafield tag="942" ind1=" " ind2=" ">
    <subfield code="2">loc</subfield>
    <subfield code="c">BKLIT</subfield>
  </datafield>
  <datafield tag="999" ind1=" " ind2=" ">
    <subfield code="c">7937</subfield>
    <subfield code="d">7937</subfield>
  </datafield>
  <datafield tag="952" ind1=" " ind2=" ">
    <subfield code="0">0</subfield>
    <subfield code="1">0</subfield>
    <subfield code="4">0</subfield>
    <subfield code="7">0</subfield>
    <subfield code="8">012</subfield>
    <subfield code="a">MEVIGERR</subfield>
    <subfield code="b">MEVIGERR</subfield>
    <subfield code="c">LIT</subfield>
    <subfield code="d">2006-11-27</subfield>
    <subfield code="o">N NOS1f</subfield>
    <subfield code="p">ECA2760</subfield>
    <subfield code="r">2024-11-26 08:55:03</subfield>
    <subfield code="t">Ej.1</subfield>
    <subfield code="w">2024-11-26</subfield>
    <subfield code="y">BK</subfield>
    <subfield code="z">3956 | 5794</subfield>
  </datafield>
</record>
